000
00304 a2200109 4500
001
ART_33050
005
20260410161926.0
008
260409a
245
1
0
_a
Mecanismos del Protocolo de Kioto
100
1
_a
Godoy, María Natalia
773
0
_t
Lecturas
_g
- Nº 13 (ene. 2009)
_w
REV19328
999
_c
28183
_d
28183